[Event "Hammersmith CC op U2000"]
[Site "London"]
[Date "2022.06.04"]
[Round "1"]
[White "Hayler, Andrew"]
[Black "Cuff, Andrew M"]
[Result "1/2-1/2"]
[WhiteElo "1939"]
[BlackElo "1616"]
[PlyCount "65"]
[EventDate "2022.06.04"]
[EventType "swiss"]
[EventRounds "5"]
[EventCountry "ENG"]
[SourceTitle "CBM 208 Extra"]
[Source "ChessBase"]
[SourceDate "2022.07.31"]
[SourceVersion "1"]
[SourceVersionDate "2022.07.31"]
[SourceQuality "1"]

1. e4 c6 2. d4 d5 3. exd5 cxd5 4. c4 Nf6 5. Nc3 Nc6 6. Bg5 dxc4 7. Bxc4 Bf5 8. Nf3 e6 9. 0-0 Be7 10. h3 0-0 11. Re1 Na5 12. Be2 Nc6 13. a3 Nd5 14. Bxe7 Ndxe7 15. Bc4 Rc8 16. Ba2 Re8 17. Qd2 Qd7 18. Rad1 Nd5 19. Nh4 Nce7 20. Nxf5 Nxf5 21. Bxd5 exd5 22. Qf4 Rcd8 23. Re5 Rxe5 24. Qxe5 Qe6 25. Qc7 Qd7 26. Qf4 Ne7 27. Re1 Nc6 28. Qg5 h6 29. Qe3 b6 30. b4 Kf8 31. Qd3 Kg8 32. Rd1 Ne7 33. Qf3 1/2-1/2